|
|
|
|
| LEADER |
00000nam a2200000 a 4500 |
| 001 |
vtls008844719 |
| 003 |
SK-MaSNL |
| 005 |
20260301184204.0 |
| 008 |
060906s1998 xr g d 000 0 cze |
| 020 |
|
|
|a 8090219322 (viaz.)
|
| 040 |
|
|
|a SNK
|b slo
|c SNK
|e AACR2
|
| 041 |
0 |
|
|a cze
|
| 044 |
|
|
|a xr
|c CZ
|
| 072 |
|
7 |
|a 336.7
|x Financie
|2 konspekt
|
| 080 |
|
|
|a 336.71
|2 2001
|
| 080 |
|
|
|a 368
|2 2001
|
| 080 |
|
|
|a 336.76
|2 2001
|
| 080 |
|
|
|a (031)
|2 2001
|
| 245 |
0 |
0 |
|a Slovník bankovnictví, pojišťovnictví a kapitálových trhů
|c Karel Půlpán ... [et al.] ; autoři projektu Václav Budinský, Tomáš Grulich]
|
| 260 |
|
|
|a [Praha]
|b Public History
|c [1998]
|
| 300 |
|
|
|a 328 s.
|c 22 cm
|
| 650 |
0 |
7 |
|a bankovníctvo
|2 SNKPH
|9 2101
|
| 650 |
0 |
7 |
|a poisťovníctvo
|2 SNKPH
|9 2517
|
| 650 |
0 |
7 |
|a kapitálové trhy
|2 SNKPH
|9 2270
|
| 655 |
|
7 |
|a výkladové slovníky
|2 SNKPH
|9 69007
|
| 700 |
1 |
|
|a Půlpán, Karel,
|d 1951-
|4 aut
|9 118011
|
| 700 |
1 |
|
|a Budinský, Václav
|4 oth
|9 281050
|
| 700 |
1 |
|
|a Grulich, Tomáš
|4 oth
|9 560433
|
| 919 |
|
|
|a 80-902193-2-2
|
| 999 |
|
|
|c 859722
|d 861652
|
| 952 |
|
|
|t snkSLO 336.7(031)
|a SNKUST
|b SNKUST
|y PREZ
|7 0
|p 17A0521424
|o snkIC 133972
|i snk2006/19421
|8 4
|g 8.23
|0 0
|1 0
|4 0
|d 2006-09-06
|l 0
|r 2025-05-29 00:00:00
|w 2026-02-24
|